<?xml version="1.0" encoding="UTF-8"?><?xml-stylesheet type="text/xsl" href="static/style.xsl"?><OAI-PMH xmlns="http://www.openarchives.org/OAI/2.0/" xmlns:xsi="http://www.w3.org/2001/XMLSchema-instance" xsi:schemaLocation="http://www.openarchives.org/OAI/2.0/ http://www.openarchives.org/OAI/2.0/OAI-PMH.xsd"><responseDate>2026-04-30T05:15:46Z</responseDate><request verb="GetRecord" identifier="oai:uvadoc.uva.es:10324/52800" metadataPrefix="marc">https://uvadoc.uva.es/oai/request</request><GetRecord><record><header><identifier>oai:uvadoc.uva.es:10324/52800</identifier><datestamp>2022-04-06T20:47:12Z</datestamp><setSpec>com_10324_1186</setSpec><setSpec>com_10324_931</setSpec><setSpec>com_10324_894</setSpec><setSpec>col_10324_1404</setSpec></header><metadata><record xmlns="http://www.loc.gov/MARC21/slim" xmlns:doc="http://www.lyncode.com/xoai" xmlns:xsi="http://www.w3.org/2001/XMLSchema-instance" xmlns:dcterms="http://purl.org/dc/terms/" xsi:schemaLocation="http://www.loc.gov/MARC21/slim http://www.loc.gov/standards/marcxml/schema/MARC21slim.xsd">
<leader>00925njm 22002777a 4500</leader>
<datafield tag="042" ind1=" " ind2=" ">
<subfield code="a">dc</subfield>
</datafield>
<datafield tag="720" ind1=" " ind2=" ">
<subfield code="a">Martín Encinas, Endika</subfield>
<subfield code="e">author</subfield>
</datafield>
<datafield tag="720" ind1=" " ind2=" ">
<subfield code="a">Conejo Rodríguez, Verónica</subfield>
<subfield code="e">author</subfield>
</datafield>
<datafield tag="720" ind1=" " ind2=" ">
<subfield code="a">Miguel García, Jesús Ángel</subfield>
<subfield code="e">author</subfield>
</datafield>
<datafield tag="720" ind1=" " ind2=" ">
<subfield code="a">Martínez de Ilarduya Martínez de Ilarduya, Jesús María</subfield>
<subfield code="e">author</subfield>
</datafield>
<datafield tag="720" ind1=" " ind2=" ">
<subfield code="a">Rubiales, Gloria</subfield>
<subfield code="e">author</subfield>
</datafield>
<datafield tag="720" ind1=" " ind2=" ">
<subfield code="a">Knudsen, Birgitta Ruth</subfield>
<subfield code="e">author</subfield>
</datafield>
<datafield tag="720" ind1=" " ind2=" ">
<subfield code="a">Palacios, Francisco</subfield>
<subfield code="e">author</subfield>
</datafield>
<datafield tag="720" ind1=" " ind2=" ">
<subfield code="a">Alonso Pérez, Concepción Estibaliz</subfield>
<subfield code="e">author</subfield>
</datafield>
<datafield tag="260" ind1=" " ind2=" ">
<subfield code="c">2020</subfield>
</datafield>
<datafield tag="520" ind1=" " ind2=" ">
<subfield code="a">This work describes the synthesis of the gold(I) complexes of phosphine sulphides. The formation of these new derivatives has been confirmed by X-ray crystallography. The coordination of gold(I) with the sulphur atom of the phosphine sulphides favors the inhibition of topoisomerase I as well as a high cytotoxicity of the gold(I)-complexed compounds against the cancer line A549 with IC50 values in the nanomolar range and IC50 values below 5 μM against the SKOV3 cell line. It should be noted that the cytotoxicities observed for the new gold(I) complexes are higher than those observed for phosphine sulphide ligands before binding to gold. Furthermore, the results also indicate that the presence of a nitrogenated heterocycle, such as tetrahydroquinoline or quinoline, is also necessary for the TopI inhibition to be maintained. In addition, no toxicity was observed when the non-cancerous lung fibroblast cell line (MRC5) was treated with the new phosphine sulphide gold(I) complexes prepared.</subfield>
</datafield>
<datafield tag="024" ind2=" " ind1="8">
<subfield code="a">Dalton Transactions, 2020, vol. 49, n. 23. p. 7852-7861</subfield>
</datafield>
<datafield tag="024" ind2=" " ind1="8">
<subfield code="a">1477-9234</subfield>
</datafield>
<datafield tag="024" ind2=" " ind1="8">
<subfield code="a">https://uvadoc.uva.es/handle/10324/52800</subfield>
</datafield>
<datafield tag="024" ind2=" " ind1="8">
<subfield code="a">10.1039/D0DT01467B</subfield>
</datafield>
<datafield tag="245" ind1="0" ind2="0">
<subfield code="a">Novel phosphine sulphide gold(i) complexes: topoisomerase I inhibitors and antiproliferative agents</subfield>
</datafield>
</record></metadata></record></GetRecord></OAI-PMH>